|
|
|
|
| LEADER |
00949cam a2200253 7i4500 |
| 001 |
0000059064 |
| 005 |
20220428090000.0 |
| 020 |
|
|
|a 9781260026122 (electronic book)
|
| 090 |
0 |
0 |
|a QP101
|b .M64 2016
|
| 100 |
1 |
|
|a Mohrman, David E
|
| 245 |
1 |
0 |
|a Cardiovascular physiology
|c David E. Mohrman, Lois Jane Heller.
|
| 250 |
|
|
|a 9th edition.
|
| 264 |
|
|
|a New York:
|b McGraw-Hill Education Medical,
|c 2016.
|
| 300 |
|
|
|a 1 online resource (398 pages):
|b text file, PDF.
|
| 336 |
|
|
|a text
|2 rdacontent
|
| 337 |
|
|
|a computer
|2 rdamedia
|
| 338 |
|
|
|a online resource
|2 rdacarrier
|
| 650 |
|
0 |
|a Cardiovascular Physiological Phenomena
|
| 650 |
|
0 |
|a Cardiovascular system --
|x Physiology
|
| 700 |
1 |
|
|a Heller, Lois Jane
|
| 856 |
4 |
2 |
|u http://library.unisel.edu.my/equip-unisel/custom/ebook_catalog/CardiovascularPhysiology9ed.pdf
|
| 997 |
|
|
|a Health Sciences, Faculty
|
| 998 |
|
|
|a Physiotherapy, Diploma
|
| 999 |
|
|
|a EBO0005375
|b EBOOK
|c EBOOK
|e Electronic resources
|